000 00711nam a2200205Ia 4500
003 GCL
008 140319s9999 xx 000 0 ara d
040 _aGCL /
_cGCL
082 0 4 _a004
_bف م
245 1 0 _aمعا فى عالم احتراف COREL DRAW 9.0
260 _aالقاهرة :
_bخورازم للنشر والتوزيع والكمبيوتر
300 _a750 ص ؛
_c24 سم
650 0 4 _aالحاسبات الالكترونية
650 0 4 _aنظم المعلومات
650 0 4 _aاختزان واسترجاع المعلومات
650 0 4 _aالبرامج الالية
650 0 4 _aالحاسبات الالكترونية - برامج
650 0 4 _aكوريل دور 9
942 _2ddc
_cBK
999 _c5462
_d5462